| 000 | 00907nam a2200193Ia 4500 | ||
|---|---|---|---|
| 999 |
_c37960 _d37960 |
||
| 001 | 3942 | ||
| 003 | GE_BSU | ||
| 005 | 20190916110815.0 | ||
| 008 | 181216s1981||||ge |||||||||||||| ||geo|| | ||
| 040 | _cGE_BSU | ||
| 041 | _ageo | ||
| 080 | _a31(479.223) ს–13 | ||
| 245 |
_aსაბჭოთა აჭარის 60 წელი : _bსაიუბილეო სტატისტიკური კრებული / _cაჭარის ასსრ სტატისტიკური სამმართველო; რედ. ზ. ფირცხალაიშვილი. |
||
| 264 |
_aბათუმი : _bსაბჭ. აჭარა, _c1981. |
||
| 300 |
_a180 გვ. : _bცხრ. ; _c22 სმ. |
||
| 653 | _aაჭარის სტატისტიკა | ||
| 700 |
_aფირცხალაიშვილი, ზ. _eრედაქტორი _93678 |
||
| 942 |
_cBK _2udc |
||